01077nab a22002057a 4500003000400000005001700004008004100021040000700062100002900069245010700098260007200205300001000277500003800287505026200325505008900587650002000676650002400696650001900720773013200739OSt20251231175226.0190605e xxu||||| |||| 00| 0 spa d cPJ aDominique, Christian M. 13aLa estabilidad de los empleados públicos y el empleado público paralelo /cChristian M. Dominique. aCiudad Autónoma de Buenos Aires :bThomson Reuters La Ley,c2023. ap. 62 aCita: TR LALEY AR/DOC/935/2023.  aSumario: I. Introducción.— II. El art. 14 bis y la estabilidad del empleado público.— III. La laboralización del empleo público.— IV. El despido sin causa y su incompatibilidad en el ejercicio de funciones administrativas.— V. Conclusión.  t¿Te interesa el texto completo? Solicitalo al correo: koha@justierradelfuego.gov.ar 0aDERECHO LABORAL 0aCONTRATO DE TRABAJO 0aEMPLEO PUBLICO0 02711dCiudad Autónoma de Buenos Aires : Thomson Reuters La Ley, 1999-2002.tRevista de derecho del trabajo. Nº 3 - Mayo 2023